សិក្សាសារព័ន្ធព្រៃក្រោយពីធ្វើអាជីវកម្មក្ន្ងអនុតំបន់ 22 ស្រុកស្នួល ខេត្តក្រចេះ (Record no. 2908)

000 -LEADER
fixed length control field 00608nam a22001577a 4500
003 - CONTROL NUMBER IDENTIFIER
control field OSt
005 - DATE AND TIME OF LATEST TRANSACTION
control field 20151101102333.0
008 - FIXED-LENGTH DATA ELEMENTS--GENERAL INFORMATION
fixed length control field 151101b xxu||||| |||| 00| 0 eng d
040 ## - CATALOGING SOURCE
Transcribing agency RUA
082 ## - DEWEY DECIMAL CLASSIFICATION NUMBER
Classification number FOR ញ៉ាន 1989 B115 Or.1
100 ## - MAIN ENTRY--PERSONAL NAME
9 (RLIN) 3119
Personal name ញ៉ាន ប៊ុនថន
245 ## - TITLE STATEMENT
Title សិក្សាសារព័ន្ធព្រៃក្រោយពីធ្វើអាជីវកម្មក្ន្ងអនុតំបន់ 22 ស្រុកស្នួល ខេត្តក្រចេះ
260 ## - PUBLICATION, DISTRIBUTION, ETC. (IMPRINT)
Place of publication, distribution, etc. Phnom Penh
Name of publisher, distributor, etc. RUA
Date of publication, distribution, etc. 1989
300 ## - PHYSICAL DESCRIPTION
Extent 85p.
Other physical details ill.
Dimensions 29cm.
942 ## - ADDED ENTRY ELEMENTS (KOHA)
Source of classification or shelving scheme
Koha item type FOR
Holdings
Price effective from Date last seen Permanent Location Not for loan Date acquired Source of classification or shelving scheme Koha item type Barcode Lost status Damaged status Shelving location Withdrawn status Current Location Full call number
2015-11-012015-11-01Library Block B 2015-11-01 FORRUA010859  B115 Library Block BFOR ញ៉ាន 1990 B115 Or.1
2015-11-012015-11-01Library Block B 2015-11-01 FORRUA028195  B115 Library Block BFOR ញ៉ាន 1990 B115 Or.2
2015-11-012015-11-01Library Block B 2015-11-01 FORRUA010716  B115 Library Block BFOR ញ៉ាន 1990 B115 Or.3
2016-02-032016-02-03Library Block B 2016-02-03 FORRUA042482    Library Block BFOR ញ៉ាន 1989 B115 Or.4
មជ្ឈមណ្ឌលឯការនៃសាកលវិទ្យាល័យភូមិន្ទកសិកម្មចំការដូង

Powered by Koha